Vývoj ekonomického myslenia stručný prehľad
Salvato in:
| Autore principale: | |
|---|---|
| Altri autori: | , |
| Natura: | Libro |
| Lingua: | slovacco |
| Pubblicazione: |
Bratislava
Slovenské pedagogické nakladateľstvo SPN
1973
|
| Soggetti: | |
| Tags: |
Nessun Tag, puoi essere il primo ad aggiungerne!!
|
MARC
| LEADER | 00000nam a2200000 4500 | ||
|---|---|---|---|
| 001 | 0261116 | ||
| 005 | 20250131082416.4 | ||
| 041 | 0 | |a slo | |
| 044 | |a SK | ||
| 245 | 1 | 0 | |a Vývoj ekonomického myslenia |b stručný prehľad |c Ľudovít Korček, Martin Kontra, Ernest Freistadt |
| 264 | 1 | |a Bratislava |b Slovenské pedagogické nakladateľstvo SPN |c 1973 | |
| 300 | |a 263 s. | ||
| 610 | 2 | 0 | |a myslenie ekonomické |
| 610 | 2 | 0 | |a vývoj |
| 610 | 2 | 0 | |a veda ekonomická |
| 100 | 1 | |a Korček, Ľudovít | |
| 700 | 1 | |a Kontra, Martin | |
| 700 | 1 | |a Freistadt, Ernest | |